PRINCIPLES OF CONTROL SYSTEMS (Record no. 33785)
[ view plain ]
| 000 -LEADER | |
|---|---|
| fixed length control field | 00370nam a22001457a 4500 |
| 020 ## - INTERNATIONAL STANDARD BOOK NUMBER | |
| International Standard Book Number | 81-219-1778-6 |
| 082 ## - DEWEY DECIMAL CLASSIFICATION NUMBER | |
| Classification number | 629.83 CHA |
| 100 ## - MAIN ENTRY--PERSONAL NAME | |
| Personal name | XAVIER , S. P.EUGENE |
| 245 ## - TITLE STATEMENT | |
| Title | PRINCIPLES OF CONTROL SYSTEMS |
| 260 ## - PUBLICATION, DISTRIBUTION, ETC. | |
| Place of publication, distribution, etc. | DELHI |
| Name of publisher, distributor, etc. | S. CHAND |
| Date of publication, distribution, etc. | 2008 |
| 300 ## - PHYSICAL DESCRIPTION | |
| Extent | XI, 515P |
| 650 ## - SUBJECT ADDED ENTRY--TOPICAL TERM | |
| Topical term or geographic name entry element | CONTROL SYSTEMS.CONTROL SYSTEMS ENGINEERING |
| 700 ## - ADDED ENTRY--PERSONAL NAME | |
| Personal name | BABU, JOSEPH CYRIL |
| 942 ## - ADDED ENTRY ELEMENTS (KOHA) | |
| Koha item type | Book |
| Withdrawn status | Lost status | Damaged status | Not for loan | Permanent Location | Current Location | Shelving location | Date acquired | Total Checkouts | Full call number | Barcode | Date last seen | Price effective from | Koha item type | Source of classification or shelving scheme | Date last checked out |
|---|---|---|---|---|---|---|---|---|---|---|---|---|---|---|---|
| School of Mechanical & Manufacturing Engineering (SMME) | School of Mechanical & Manufacturing Engineering (SMME) | General Stacks | 12/28/2015 | 629.83 CHA | SMME-44897 | 12/28/2015 | 12/28/2015 | Book | |||||||
| School of Mechanical & Manufacturing Engineering (SMME) | School of Mechanical & Manufacturing Engineering (SMME) | 05/16/2016 | 1 | 629.836 XAV | SMME-2988 | 06/21/2022 | 05/16/2016 | Book | 04/13/2021 |
